书目信息 |
| 题名: |
白领
|
|
| 作者: | Mills , 米尔斯 编著 ;杨小东 译 | |
| 分册: | ||
| 出版信息: | 杭州 浙江人民出版社 1987 |
|
| 页数: | 395页 | |
| 开本: | 20cm | |
| 丛书名: | 现代社会学比较研究丛书 | |
| 单 册: | ||
| 中图分类: | D771.261 | |
| 科图分类: | ||
| 主题词: | 阶级分析--美国 | |
| 电子资源: | ||
| ISBN: | ||
| 000 | 00861nam2 2200301 45 | |
| 001 | 0187017168 | |
| 005 | 20070724091208.39 | |
| 010 | @dCNY2.70 | |
| 091 | @aCN@b3103.258 | |
| 100 | @a19960201d1987 em y0chiy0121 ea | |
| 101 | 1 | @achi@ceng |
| 102 | @aCN@b330000 | |
| 105 | @ay z 000yy | |
| 200 | 10 | @a白领@e美国的中产阶级@Abai ling@f(美)米尔斯(Mills,C.M.)编著@g杨小东等译 |
| 210 | @a杭州@c浙江人民出版社@d1987 | |
| 215 | @a395页@d20cm | |
| 225 | 2 | @a现代社会学比较研究丛书 |
| 300 | @a书名原文:White collar | |
| 410 | 0 | @120010@a现代社会学比较研究丛书 |
| 510 | 1 | @aWhite collar@zeng |
| 606 | @a阶级分析@y美国 | |
| 690 | @aD771.261@v3 | |
| 701 | A1 | @aMills@bC.M.@4编著 |
| 701 | 1 | @a米尔斯@bC.M.@4编著@Ami er si |
| 702 | 0 | @a杨小东@4译@Ayang xiao dong |
| 801 | 2 | @aCN@bNLC@c20070724 |
| 801 | 0 | @aCN@bTSSF |
| 905 | @a10447@dD771.261@e334 | |
| 白领:美国的中产阶级/(美)米尔斯(Mills,C.M.)编著/杨小东等译.-杭州:浙江人民出版社,1987 |
| 395页;20cm.-(现代社会学比较研究丛书) |
| 书名原文:White collar |
| ISBN :CNY2.70 |
| ● |
| 相关链接 |
|
|
|
|
正题名:白领
索取号:D771.261/334
 
预约/预借
| 序号 | 登录号 | 条形码 | 馆藏地/架位号 | 状态 | 备注 |
| 1 | 0767810 | 207678100 | 第一样本阅览室/ [索取号:D771.261/334] | 在馆 |